Estadísticas para Escribir del Z - A Rápidamente

Haz click aquí para tomar la prueba!

Estadísticas generales

  • Esta prueba ha sido tomada 6.944 veces
  • La puntuación promedio es 7 de 26

Estadísticas de respuestas

Letra% Correcto
Z
98%
Y
86%
X
78%
W
68%
V
59%
U
52%
T
44%
S
39%
R
34%
Q
25%
P
21%
O
18%
N
14%
M
13%
L
11%
K
8%
A
8%
J
7%
I
6%
H
6%
G
6%
E
6%
D
6%
C
6%
B
6%
F
5%

Distribución de puntuación

Porcentaje por número respondido

Porcentaje de gente con cada puntuación

Historial de tus puntuaciones

No has tomado esta prueba